00658 2200169 4500245004800000020001800048250001100066100002100077650001700098005001900115260004200134041001400176084001100190300002300201500025500224336000900479 aKana di Negeri KiwicRosemary KesaulyhText a9786020380315 aCet. 6 aRosemary Kesauly aNovel Remaja a20231002102613 aJakartabGramedia Pustaka Utamac2018 aIndonesia a808.83 a200 hlm. :c20 cm. aTak pernah terlintas dibenak kana bahwa dia harus pindah ke negeri kiwi. Itu berarti dia harus meninggalkan jogja, kota asalnya, dan rudy, cowok yang dicintainya. Tapi apa boleh buat, mau tak mau kana harus menyesuaikan diri dengan kehidupan barunya. atext